Moto de brinquedo (Record no. 75676)

MARC details
000 -LÍDER
campo de controle de tamanho fixo 00335 a2200145 4500
001 - NÚMERO DE CONTROLE
campo de controle 75676
040 ## - FONTE DA CATALOGAÇÃO
Instituição que transcreveu o registro Anchieta - Colégio São Paulo
100 ## - ENTRADA PRINCIPAL--NOME PESSOAL
Nome pessoal Guimarães, Humberto
240 10 - TÍTULO UNIFORME
Título uniforme Moto de brinquedo
Idioma da obra
245 10 - TÍTULO
Título Moto de brinquedo
300 ## - DESCRIÇÃO FÍSICA
Extensão 11 p.
362 0# - DATAS DE PUBLICAÇÃO E/OU DESIGNAÇÃO SEQUENCIAL
Datas de publicação e/ou designação sequencial 1985
650 #4 - ASSUNTO--TERMO TÓPICO
Cabeçalho tópico ou nome geográfico Literatura infanto-juvenil
942 ## - ELEMENTOS DE ENTRADA ADICIONADOS (KOHA)
Tipo de material Koha Livros
Holdings
Situação do descarte Situação das perdas Situação física Não pode ser emprestado Biblioteca de origem Biblioteca atual Data de aquisição Total de empréstimos Código de barras Data de último acesso Data do preço efetivo Tipo de material Koha
        Colégio São Paulo Colégio São Paulo 22/11/2023   7423/CSP 22/11/2023 22/11/2023 Livros